Zahraničný obchod štátov V4 bakalárska práca

Guardado en:
Detalles Bibliográficos
Autor principal: Pagurková, Soňa
Autor Corporativo: Fakulta medzinárodných vzťahov EU. Katedra medzinárodných ekonomických vzťahov a hospodárskej diplomacie
Otros Autores: Draková, Silvia
Formato: Libro
Lenguaje:eslovaco
Publicado: Bratislava 2014
Etiquetas: Agregar Etiqueta
Sin Etiquetas, Sea el primero en etiquetar este registro!

MARC

LEADER 00000nbm a2200000 4500
001 0187698
005 20170201090747.5
041 0 |a slo 
044 |a SK 
245 1 0 |a Zahraničný obchod štátov V4  |b bakalárska práca  |c Soňa Pagurková ; školiteľ: Silvia Draková 
264 1 |a Bratislava  |c 2014 
300 |a 60 s. 
100 1 |a Pagurková, Soňa 
700 1 |a Draková, Silvia 
710 2 |a Fakulta medzinárodných vzťahov EU. Katedra medzinárodných ekonomických vzťahov a hospodárskej diplomacie